000 01054nam a2200241 a 4500
003 BD-DhJNU
005 20260511092445.0
008 260508s2014 bg |||g |||| 000 1|ben|d
020 _a9844151481
040 _aBD-DhJNU
_bben
_cBD-DhJNU
_dBD-DhJNU
041 _aben
082 _a891.443 BAA
_223
100 _aবন্দ্যোপাধ্যায়, বিভূতিভূষণ
245 1 0 _aঅশনি-সংকেত /
_cবিভূতিভূষণ বন্দ্যোপাধ্যায়
246 _aAshani sanket
250 _a1st ed.
260 _aঢাকা :
_bঅবসর প্রকাশনা সংস্থা,
_c2014.
300 _a৯৬ পৃ. :
_bচিত্র ;
_c২২ সেমি.।
504 _aগ্রন্থপঞ্জিগত নির্দেশিকা ও নিঘন্ট অন্তভূক্ত
650 _aদুর্ভিক্ষ -- ভারত -- বাংলা -- ইতিহাস
650 _aFamines -- India -- Bengal -- History
942 _cBK
999 _c2784
_d2784